Statystyki dla Najpopularniejsze utwory Sentino [26.01.2024]

Kliknij tutaj aby rozwiązać quiz!

Ogólne statystyki

  • Ten quiz został rozwiązany 496 razy
    (44 od ostatniego zresetowania)
  • Średni wynik to 12 z 20

Statystyki odpowiedzi

OdtworzeniaFeatyNazwa% Poprawnych
27,4 mlnNitro, Masny BenTrójkąt Bermudzki
97%
18,7 mlnSchwester EwaPowww!
91%
22 mln-Rio
91%
20,5 mln-Lato
81%
6,6 mlnBedoesBrak Słów
78%
8,9 mln-Vitalyi
75%
14,3 mln-Midas
72%
5,1 mlnMalik MontanaZapytaj O Mnie
69%
3,2 mln-Tatuażyk
63%
11,2 mln-Algeciras
59%
5 mln-Pistolet
56%
4,3 mln-KOSMOS
53%
4,9 mln-Sicario
53%
3,3 mln-Skandal
50%
5,4 mln-Helikopter nad blokiem
47%
3,1 mln-Remy Martin
47%
4 mln-45
34%
3,2 mln-Różowy Pył
34%
4,3 mln-Życie które znam
34%
3,2 mln-La Linea
31%

Rozkład punktacji

Percentyl według liczby udzielonych odpowiedzi

Procent ludzi z każdym wynikiem

Twoja historia wyników

Nie rozwiązałeś tego quizu od ostatniego zresetowania